000 00598nam a22001697a 4500
003 AUA.1
005 20260208112548.0
008 260208b |||||||| |||| 00| 0 eng d
040 _cJTL
100 _aKambou, Marcellin Ollo
245 _aPrevalence and determinants of tobacco smoking among college students :
_bin Bobo-Dioulasso (Burkina Faso) /
_cMarcelline Ollo Kambou.
260 _cc2025.
300 _ax, 126 leaves :
_billustrations;
_c30 cm.
650 _aTobacco use
_934862
650 _aCollege students
_zBobo-Dioulasso, Burkina Faso
942 _2aua
_cTHESIS
_hMPH
_i.K36 2025
999 _c25307
_d25307